3122-橋本市(和歌山県)の駅 - Statistics

General Stats
  • This quiz has been taken 2 times
  • The average score is 3 of 10
Answer Stats
Answer % Correct
橋本
100%
紀見峠
50%
林間田園都市
50%
御幸辻
50%
隅田
0%
下兵庫
0%
紀伊山田
0%
高野口
0%
紀伊清水
0%
学文路
0%
No matching quizzes found
Score Distribution
Percent of People with Each Score
Percentile by Number Answered
Your Score History
You have not taken this quiz